Introducción a las ecuaciones diferenciales ordinarias
Guardat en:
| Autor principal: | |
|---|---|
| Format: | Llibre |
| Idioma: | espanyol |
| Publicat: |
Ciudad de México
Continental
1968
|
| Matèries: | |
| Etiquetes: |
Afegir etiqueta
Sense etiquetes, Sigues el primer a etiquetar aquest registre!
|
MARC
| LEADER | 00000nam a2200000 a 4500 | ||
|---|---|---|---|
| 001 | UCY3215 | ||
| 003 | CL-VaPUC | ||
| 008 | 941219e19680000MX |||||||||||||||||spa|d | ||
| 082 | 0 | 4 | |a 515.35 |b COD |2 21 |
| 100 | 0 | |a Coddington, Earl A |e author |9 331478 | |
| 245 | 1 | 0 | |a Introducción a las ecuaciones diferenciales ordinarias |
| 300 | |a 326 p | ||
| 942 | |c BK | ||
| 945 | |d 19941219 00:00:00 |a mfernand | ||
| 260 | |a Ciudad de México |b Continental |c 1968 | ||
| 650 | 0 | |a Ecuaciones diferenciales |9 260083 | |
| 650 | 0 | |a Matemática |9 260235 | |
| 650 | 0 | |a Ecuaciones |9 260137 | |
| 583 | |a last modification |c 19941219 00:00:00 |k Rodrigo Vera | ||
| 999 | |c 231422 |d 231420 | ||
| 952 | |0 0 |1 0 |2 ddc |4 0 |6 515_350000000000000_COD_1968 |7 0 |8 A |9 234657 |a BIBALI |b BIBALI |c GEN |d 2019-11-15 |i 3043444 |o 515.35 COD 1968 |p 3043444 |r 2025-01-20 |w 2019-11-15 |y BK |k ALI | ||
| 952 | |0 0 |1 0 |2 ddc |4 0 |6 515_350000000000000_COD_1968 |7 0 |8 A |9 234658 |a BIBALI |b BIBALI |c GEN |d 2019-11-15 |i 3045633 |o 515.35 COD 1968 |p 3045633 |r 2025-01-20 |w 2019-11-15 |y BK |k ALI | ||
| 952 | |0 0 |1 0 |4 0 |6 515_350000000000000_COD_1968 |7 0 |8 A |9 234659 |a BIBING |b BIBING |d 2019-11-15 |i 1645854 |l 1 |o 515.35 COD 1968 |p 1645854 |r 2025-01-20 |s 2024-04-08 |w 2019-11-15 |y BK |k EIQ | ||
| 952 | |0 0 |1 0 |4 0 |6 515_350000000000000_COD_1968 |7 0 |8 A |9 234660 |a BIBCUR |b BIBCUR |d 2019-11-15 |i 176652K |l 2 |o 515.35 COD 1968 |p 176652K |r 2025-04-22 |s 2024-05-14 |w 2019-11-15 |y BK |k BCB | ||
| 952 | |0 0 |1 0 |4 0 |6 515_350000000000000_COD_1968 |7 0 |8 A |9 234661 |a BIBCUR |b BIBCUR |d 2019-11-15 |i 1766538 |l 3 |m 2 |o 515.35 COD 1968 |p 1766538 |r 2025-04-22 |s 2024-05-24 |w 2019-11-15 |y BK |k BCB | ||
| 952 | |0 0 |1 0 |4 0 |6 515_350000000000000_COD_1968 |7 0 |8 A |9 234663 |a BIBALI |b BIBALI |c GEN |d 2019-11-15 |i 1964577 |o 515.35 COD 1968 |p 1964577 |r 2025-01-20 |w 2019-11-15 |y BK |k ALI | ||
| 952 | |0 0 |1 0 |4 0 |6 515_350000000000000_COD_1968 |7 0 |8 A |9 234664 |a BIBALI |b BIBALI |c GEN |d 2019-11-15 |i 1964585 |o 515.35 COD 1968 |p 1964585 |r 2025-01-20 |w 2019-11-15 |y BK |k ALI | ||
| 952 | |0 0 |1 0 |4 0 |6 515_350000000000000_COD_1968 |7 0 |8 A |9 234665 |a BIBMAT |b BIBMAT |d 2019-11-15 |i 1317806 |o 515.35 COD 1968 |p 1317806 |r 2025-01-07 |w 2019-11-15 |y BK |k MAT | ||
| 952 | |0 0 |1 0 |4 0 |6 515_350000000000000_COD_1968 |7 0 |8 A |9 234666 |a BIBMAT |b BIBMAT |d 2019-11-15 |i 1317857 |o 515.35 COD 1968 |p 1317857 |r 2025-01-07 |w 2019-11-15 |y BK |k MAT | ||
| 952 | |0 0 |1 0 |4 0 |6 515_350000000000000_COD_1968 |7 0 |8 A |9 234667 |a BIBMAT |b BIBMAT |d 2019-11-15 |i 1317881 |o 515.35 COD 1968 |p 1317881 |r 2025-01-07 |w 2019-11-15 |y BK |k MAT | ||